Development of afinite element program for nonlinear rotordynamic analysis using equivalent linearization / (رقم التسجيلة. 177322)

تفاصيل مارك
000 -LEADER
fixed length control field 01426namaa22003131i 4500
005 - أخر تعامل مع التسجيلة
control field 20260210134259.0
008 - FIXED-LENGTH DATA ELEMENTS--GENERAL INFORMATION
fixed length control field 260103s1995 ua a|||fr|m|| 000 0 eng d
040 ## - CATALOGING SOURCE
Original cataloguing agency EG-GICUC
Language of cataloging eng
Transcribing agency EG-GICUC
Modifying agency EG-GICUC
Description conventions rda
041 0# - LANGUAGE CODE
Language code of text/sound track or separate title eng
Language code of summary or abstract eng
-- ara
049 ## - Acquisition Source
Acquisition Source Deposit
097 ## - Degree
Degree M.Sc
099 ## - LOCAL FREE-TEXT CALL NUMBER (OCLC)
Local Call Number Cai01.13.11.M.Sc.1995.Ha.D.
100 0# - MAIN ENTRY--PERSONAL NAME
Authority record control number or standard number Hassan Nabil Bayoumi,
Preparation preparation.
245 10 - TITLE STATEMENT
Title Development of afinite element program for nonlinear rotordynamic analysis using equivalent linearization /
Statement of responsibility, etc. By Hassan Nabil Bayoumi; Supervised Prof. Dr. Ahmad M. A. Mansour, Dr. Aly El-Shafei
246 15 - VARYING FORM OF TITLE
Title proper/short title عمل برنامج بطريقة العناصر المحددة لدراسة ديناميكا الدوارات الغير خطية باستخدام التمثيل الخطى المكافئ
264 #0 - PRODUCTION, PUBLICATION, DISTRIBUTION, MANUFACTURE, AND COPYRIGHT NOTICE
Date of production, publication, distribution, manufacture, or copyright notice 1995.
300 ## - PHYSICAL DESCRIPTION
Extent 105 Pages :
Other physical details illustrations ;
Dimensions 25 cm. +
336 ## - CONTENT TYPE
Source rda content
Content type term text
337 ## - MEDIA TYPE
Source rdamedia
Media type term Unmediated
338 ## - CARRIER TYPE
Source rdacarrier
Carrier type term volume
502 ## - DISSERTATION NOTE
Dissertation note Thesis (M.Sc.)-Cairo University, 1995
504 ## - BIBLIOGRAPHY, ETC. NOTE
Bibliography, etc. note Bibliography: pages 73 :75
653 #0 - INDEX TERM--UNCONTROLLED
Uncontrolled term Development of a finite element program
700 0# - ADDED ENTRY--PERSONAL NAME
Personal name Ahmad M.A.Mansour
Relator term thesis advisor.
700 0# - ADDED ENTRY--PERSONAL NAME
Personal name Aly El-Shafei
Relator term thesis advisor.
900 ## - Thesis Information
Department Department of Engineering
Faculties Faculty of Engineering
Universities Cairo University
Grant date 1995
Supervisory body Ahmad M. A. Mansour
-- Aly El-Shafei
Discussion body Ahmad M. A. Mansour
905 ## - Cataloger and Reviser Names
Cataloger Name Nagat Ghanem
Reviser Names Nourhan
942 ## - ADDED ENTRY ELEMENTS (KOHA)
Source of classification or shelving scheme Dewey Decimal Classification
Koha item type Thesis
Edition 21
Suppress in OPAC No
المقتنيات
Source of classification or shelving scheme Home library Current library Date acquired Inventory number Full call number Barcode Date last seen Effective from Koha item type
Dewey Decimal Classification المكتبة المركزبة الجديدة - جامعة القاهرة مكتبة المئوية 03.01.2026 26046 Cai01.13.11.M.Sc.1995.Ha.D 01010110026046000 03.01.2026 03.01.2026 Thesis
Cairo University Libraries Portal Implemented & Customized by: Eng. M. Mohamady Contacts: new-lib@cl.cu.edu.eg | cnul@cl.cu.edu.eg
CUCL logo CNUL logo
© All rights reserved — Cairo University Libraries
CUCL logo
Implemented & Customized by: Eng. M. Mohamady Contact: new-lib@cl.cu.edu.eg © All rights reserved — New Central Library
CNUL logo
Implemented & Customized by: Eng. M. Mohamady Contact: cnul@cl.cu.edu.eg © All rights reserved — Cairo National University Library